Entry Término temático
001 - NÚMERO DE CONTROL
- campo de control: 8591
003 - IDENTIFICADOR DEL NÚMERO DE CONTROL
- campo de control: BNPHU
005 - FECHA Y HORA DE LA ÚLTIMA TRANSACCIÓN
- campo de control: 20250912084002.0
008 - DATOS DE LONGITUD FIJA
- campo de control de longitud fija: 200615|| aca||aabn | a|a d
010 ## - NÚMERO DE CONTROL DE LA BIBLIOTECA DEL CONGRESO
- Número de control de LC: sh 00005907
040 ## - FUENTE DE LA CATALOGACIÓN
- Centro catalogador/agencia de origen: DO-SdBNP
- Lengua de catalogación: spa
- Centro/agencia transcriptor: BNPHU
- Normas de descripción: rda
180 ## - ENCABEZAMIENTO--SUBDIVISIÓN GENERAL
- Subdivisión general: Emigración e inmigración
480 0# - TRAZADO DE VÉASE--SUBDIVISIÓN GENERAL
- Subdivisión general: Emigration and immigration
480 ## - TRAZADO DE VÉASE--SUBDIVISIÓN GENERAL
- Subdivisión general: Foreign population
- Subcampo de control: nne
480 ## - TRAZADO DE VÉASE--SUBDIVISIÓN GENERAL
- Subdivisión general: Inmigración
580 ## - TRAZADO DE VÉASE ADEMÁS--SUBDIVISIÓN GENERAL
- Subdivisión general: Colonias
- Subdivisión general: Emigración e inmigración
- Subcampo de control: h
670 ## - FUENTE DE DATOS ENCONTRADOS
- Identificador Uniforme del Recurso: https://librunam.dgb.unam.mx:8443/F/34I16M6S36HDAL1XEB8S5NFKH2B7J26Y5NMG7TXIJD9UIFP3Y3-03646?func=full-set-set&set_number=003208&set_entry=000001&format=001 Consultado en 11/09/2025
680 ## - NOTA GENERAL PÚBLICA
- Texto explicativo: Úsese como una subdivisión temática bajo nombres de países, ciudades, etc.
681 ## - NOTA DE EJEMPLO DE TRAZADO DE MATERIA
- Texto explicativo: Referencia bajo el encabezamiento
- Encabezamiento de materia o término de subdivisión: Emigración e inmigración
750 0# - ENTRADA DE ENLACE DE ENCABEZAMIENTO ESTABLECIDO--TÉRMINO DE MATERIA
- Término de materia o nombre geográfico como elemento de entrada: Emigration and immigration
- Número de control del registro de autoridad o número normalizado: sh 00005907
